Yüklüyor......

Women weavers /

Detaylı Bibliyografya
Yazar: Parish, Indira J.
Dil:Undetermined
Baskı/Yayın Bilgisi: New Delhi : Oxford and IBH , 1991.
Seri Bilgileri:CMA Monograph 149
LEADER 00478nam a2200145Ia 4500
001 116913
008 170722s9999 xx 000 0 und d
100 |a Parish, Indira J. 
245 |a Women weavers / 
260 |a New Delhi :  |b Oxford and IBH ,  |c 1991. 
300 |a Ppxii, 113  |c 22cms 
490 |a CMA Monograph 149 
942 |c GEN 
999 |c 111980  |d 111980 
952 |0 0  |1 0  |4 0  |6 Y_154M7721_N1_WS  |7 0  |9 157941  |a LIB  |b LIB  |d 2017-08-12  |o Y154(M7:7)21 N1 (WS)  |p 212355  |r 2017-08-12  |v 105.00  |w 2017-08-12  |y GEN